Statistics for Most Common Black Surnames in U.S.

Click here to take the quiz!

General Stats

  • This quiz has been taken 102 times
  • The average score is 7 of 14

Answer Stats

#NAME% Correct
3Smith
89%
6Jackson
71%
2Johnson
71%
4Jones
64%
1Williams
64%
5Brown
56%
14White
53%
7Davis
35%
8Thomas
34%
9Harris
31%
12Wilson
29%
10Robinson
23%
11Taylor
21%
13Moore
12%

Score Distribution

Percentile by Number Answered

Percent of People with Each Score

Your Score History

You have not taken this quiz